Psychology of the Unconscious (Record no. 20499)

MARC details
000 -LEADER
fixed length control field 00301nam a22001337a 4500
020 ## - INTERNATIONAL STANDARD BOOK NUMBER
ISBN 978-1-68422-021-2
082 ## - DEWEY DECIMAL CLASSIFICATION NUMBER
Classification number 150 JUN
100 ## - MAIN ENTRY--AUTHOR NAME
Author name Jung, C.G.
245 ## - TITLE STATEMENT
Title Psychology of the Unconscious
260 ## - PUBLICATION, DISTRIBUTION, ETC. (IMPRINT)
Place of publication London
Name of publisher Marting Fine Books
Year of publication 2016
300 ## - PHYSICAL DESCRIPTION
Number of Pages 339
650 ## - SUBJECT ADDED ENTRY--TOPICAL TERM
Topical Term Psychology
942 ## - ADDED ENTRY ELEMENTS (KOHA)
Koha item type Books
Holdings
Home library Current library Date acquired Source of acquisition Cost, normal purchase price Full call number Accession Number Koha item type
Henry Martyn Institute Library Henry Martyn Institute Library 07/04/2017 amzone 1000.00 150 JUN 25294 Books
                   Copyright © 2026 | Henry Martyn Institute | Hyderabad | TS-500052 | INDIA | Implemented by hmi.edu.in
Hit-Count:

Powered by Koha